| 000 | 00730nam a2200217Ii 4500 | ||
|---|---|---|---|
| 003 | JO-AjNU | ||
| 008 | 230605s9999||||xx |||||||||||||| ||und|| | ||
| 017 | _a2003/14381 | ||
| 020 | _a977-01-8788-7 | ||
| 040 |
_aJO-AjNU _bara _erda _cJO-AjNU |
||
| 041 | _aara | ||
| 050 | 1 | 4 | _aPJ7808 2003 |
| 100 | 3 |
_aتأليف أبو النور،عائشة, _eauthor _912958 |
|
| 245 | 0 | 0 | _aإرحل.. لنلتقي بيني وبينك أسرار |
| 264 | 3 | 1 | _aالقاهرة:مكتبة الأسرة،2003 ؛ مهرجان القراءة للجميع 2003 |
| 300 | _a159ص | ||
| 336 |
_atext _btxt _2rdacontent |
||
| 337 |
_aunmediated _bn _2rdamedia |
||
| 338 |
_avolume _bnc _2rdacarrier |
||
| 650 | 4 |
_aالأدب العربي - قصص _912959 |
|
| 999 |
_aA3100 _c6668 _d6668 |
||